Т.1: Статика и кинематика; Теоретическая механика в примерах и задачах

Bibliographische Detailangaben
Parent link:Теоретическая механика в примерах и задачах: учебное пособие/ М. И. Бать, Г. Ю. Джанелидзе, А. С. Кельзон; под ред. Г. Ю. Джанелидзе ; Д. Р. Меркина. Т.1: Статика и кинематика.— 6-е изд., стер..— , 1972
Sprache:Russisch
Veröffentlicht: 1972
Schlagworte:
Format: MixedMaterials Buch
KOHA link:https://koha.lib.tpu.ru/cgi-bin/koha/opac-detail.pl?biblionumber=252366

MARC

LEADER 00000nam2a2200000 4500
001 252366
005 20231101232737.0
035 |a (RuTPU)RU\TPU\book\274699 
090 |a 252366 
100 |a 20140303d1972 m y0rusy50 ca 
101 0 |a rus 
102 |a RU 
105 |a a j 000zy 
200 0 |a Т.1: Статика и кинематика 
210 |d 1972 
215 |a 512 с.  |c ил. 
461 1 |0 (RuTPU)RU\TPU\book\275389  |t Теоретическая механика в примерах и задачах  |o учебное пособие  |o в 2 т.  |f М. И. Бать, Г. Ю. Джанелидзе, А. С. Кельзон  |g под ред. Г. Ю. Джанелидзе ; Д. Р. Меркина  |v Т.1: Статика и кинематика  |e 6-е изд., стер.  |d 1972 
606 1 |a Механика теоретическая  |2 stltpush  |3 (RuTPU)RU\TPU\subj\59441  |9 76991 
610 1 |a твердое тело 
610 1 |a статика 
610 1 |a плоская система сил 
610 1 |a равновесие 
610 1 |a фермы 
610 1 |a расчет 
610 1 |a пространственная система сил 
610 1 |a кинематика 
610 1 |a точка 
610 1 |a сложное движение 
610 1 |a плоское движение 
610 1 |a вращение 
675 |a 531(076)  |v 3 
801 1 |a RU  |b 63413507  |c 20140303 
801 2 |a RU  |b 63413507  |c 20150316  |g RCR 
942 |c BK